Alla vinnare av Melodifestivalen - Statistics

General Stats
  • This quiz has been taken 151 times
  • The average score is 28 of 60
Answer Stats
År Artist Låt % Correct
1974 ABBA Waterloo
93%
2008 Charlotte Perelli Hero
91%
2012 Loreen Euphoria
89%
2015 Måns Zelmerlöw Heroes
89%
2011 Eric Saade Popular
87%
2014 Sanna Nielsen Undo
83%
2017 Robin Bengtsson I Can't Go On
82%
2016 Frans If I Were Sorry
81%
2013 Robin Stjernberg You
80%
2018 Benjamin Ingrosso Dance You Off
79%
1991 Carola Fångad av en stormvind
74%
2005 Martin Stenmarck Las Vegas
71%
2019 John Lundvik Too Late For Love
71%
1983 Carola Häggkvist Främling
67%
2010 Anna Bergendahl This Is My Life
67%
1993 Arvingarna Eloise
66%
2004 Lena Philipsson Det gör ont
65%
2006 Carola Evighet
65%
2020 The Mamas Move
65%
2009 Malena Ernman La Voix
64%
2007 The Ark The Worrying Kind
64%
1988 Tommy Körberg Stad i Ljus
60%
1979 Ted Gärdestad Satellit
57%
1984 Herreys Diggiloo Diggiley
56%
2000 Roger Pontare När vindarna viskar mitt namn
53%
2002 Afro-dite Never Let it Go
48%
1999 Charlotte Nilsson Tusen och en natt
48%
1985 Kikki Danielsson Bra vibrationer
47%
1989 Tommy Nilsson En dag
44%
1996 One more time Den vilda
40%
1987 Lotta Engberg Fyra Bugg och en Coca cola
40%
1992 Christer Björkman Imorgon är en annan dag
40%
1995 Jan Johansen Se på mig
40%
1980 Tomas Ledin Just nu!
39%
2001 Friends Lyssna till ditt hjärta
37%
2003 Fame Give Me Your Love
34%
1969 Tommy Körberg Judy min vän
34%
1998 Jill Johnson Kärleken är
34%
1958 Alice Babs Lilla Stjärna
34%
1977 Forbes Beatles
33%
1961 Lill-babs April, April
30%
1994 Roger Pontare, Marie Bergman Stjärnorna
30%
1959 Brita Borg Augustin
28%
1982 Chips Dag efter dag
28%
1975 Lasse Berghagen Jennie, Jennie
28%
1997 Blond Bara hon älskar mig
27%
1986 Lasse Holm, Monica Törnell E de det här du kallar kärlek
26%
1963 Monica Zetterlund En gång i Stockholm
24%
1990 Edin-Ådahl Som en vind
24%
1978 Björn Skifs Det bllir alltid värre framåt natten
21%
1971 Family four Vita vidder
21%
1968 Claes-Göran Hederström Det börjar verka kärlek banne mej
20%
1981 Björn Skifs Fångad i en dröm
20%
1966 Lill Lindfors, Svante Thuresson Nygammal vals
19%
1962 Inger Berggren Sol och Vår
18%
1960 Siw Malmkvist Alla andra får varann
14%
1972 Family Four Härliga sommardag
14%
1973 Malta Sommaren som aldrig säger nej
12%
1965 Ingvar Wixell Annorstädes vals
11%
1967 Östen Warnerbring Som en dröm
10%
No matching quizzes found
Score Distribution
Percent of People with Each Score
Percentile by Number Answered
Your Score History
You have not taken this quiz